ՀՀ Գիտությունների ազգային ակադեմիայի հիմնարար գիտական գրադարան  =   Fundamental Scientific Library of NAS RA

Основные технико-экономические показатели цветной металлургии капиталистических стран : (Record no. 525648)

MARC details
000 -LEADER
fixed length control field 00917nam a22002177a 4500
003 - CONTROL NUMBER IDENTIFIER
control field AM-YeHGA
005 - DATE AND TIME OF LATEST TRANSACTION
control field 20250617164523.0
008 - FIXED-LENGTH DATA ELEMENTS--GENERAL INFORMATION
fixed length control field 220527b ||||| |||| 00| 0 rus d
040 ## - CATALOGING SOURCE
Original cataloging agency AM-YeHGA
041 0# - LANGUAGE CODE
Language code of text/sound track or separate title rus
001 - CONTROL NUMBER
control field 1837071
090 ## - LOCALLY ASSIGNED LC-TYPE CALL NUMBER (OCLC); LOCAL CALL NUMBER (RLIN)
-- 532876
100 1# - MAIN ENTRY--PERSONAL NAME
Personal name Кочергина, Д. Г.
245 10 - TITLE STATEMENT
Title Основные технико-экономические показатели цветной металлургии капиталистических стран :
Remainder of title [Обзор] /
Statement of responsibility, etc. Д. Г. Кочергина
260 ## - PUBLICATION, DISTRIBUTION, ETC.
Place of publication, distribution, etc. Москва :
Name of publisher, distributor, etc. Б. и.,
Date of publication, distribution, etc. 1962.
300 ## - PHYSICAL DESCRIPTION
Extent часть
440 #0 - SERIES STATEMENT/ADDED ENTRY--TITLE
Title Экономика/ Центр. ин-т информации цвет. металлургии
505 10 - FORMATTED CONTENTS NOTE
Miscellaneous information Ч. 1 (1962; 60 с.) :
Title Медная промышленность
653 0# - INDEX TERM--UNCONTROLLED
Uncontrolled term Цветная металлургия капиталистических стран
942 ## - ADDED ENTRY ELEMENTS (KOHA)
Source of classification or shelving scheme Universal Decimal Classification
Koha item type Գրքեր / Books
Holdings
Withdrawn status Lost status Damaged status Not for loan Collection Home library Current library Date acquired Serial enumeration / chronology Total checkouts Full call number Barcode Date last seen Price effective from Koha item type Public note
        General Fundamental Scientific Library Fundamental Scientific Library 27/05/2022 Ч. 1   РII/73526 FL0676769 27/05/2022 27/05/2022 Գրքեր / Books 30 Days Loan


ՀՀ ԳԱԱ հիմնարար գիտական գրադարան
ՀՀ,Երևան 0019
Մարշալ Բաղրամյան 24/6
հեռախոս:(374-10) 52-47-50
Հետադարձ կապ

All site content, except where otherwise noted, is licensed under a
Creative Commons License